| 000 | 01332cam a22003733a 4500 | ||
|---|---|---|---|
| 001 | 12654608 | ||
| 003 | OSt | ||
| 005 | 20140311134811.0 | ||
| 008 | 000807t20001997nyubfo 000 0 eng d | ||
| 010 | _a 2002553566 | ||
| 020 |
_a006101351X (pbk.) : _c$6.99 |
||
| 035 | _a(OCoLC)ocm44735072 | ||
| 040 |
_aWYE _cWYE _dDLC |
||
| 042 | _alccopycat | ||
| 050 | 0 | 0 |
_aQC 945 _b.J95 1997 |
| 082 |
_aM 974.45 _bJ95 1997 |
||
| 100 | 1 | _aJunger, Sebastian. | |
| 245 | 1 | 4 |
_aThe Perfect storm : _ba true story of men against the sea / _cJunger, Sebastian |
| 246 | 1 | 0 | _aPerfect storm |
| 260 |
_aNew York : _bHarperTorch, _c2000, c1997. |
||
| 300 |
_axv, 301 p., [4] leaves of plates : _bmap, photos. ; _c18 cm. |
||
| 610 | 2 | 0 | _aAndrea Gail (Boat). |
| 650 | 0 |
_aNortheast storms _zNew England. |
|
| 650 | 0 |
_aNatural disasters _zNew England _xHistory. |
|
| 650 | 0 |
_aFisheries _zNew England _xHistory. |
|
| 650 | 0 |
_aSwordfish fishing _zNew England _xHistory. |
|
| 650 | 0 |
_aGloucester (Mass.) _xSocial life and customs. |
|
| 710 | 2 |
_aCopyright Paperback Collection (Library of Congress) _5DLC |
|
| 856 | 4 | 2 |
_3Publisher description _uhttp://www.loc.gov/catdir/description/hc043/2002553566.html |
| 906 |
_a0 _bcbc _ccopycat _d2 _encip _f20 _gy-genrareb |
||
| 942 |
_2lcc _cBK _kM |
||
| 999 |
_c35832 _d35832 |
||